[Event "Ports Lge"]
[Site "?"]
[Date "1962.??.??"]
[Round "?"]
[White "Paige, Roger"]
[Black "Brameld, Arthur F"]
[Result "1/2-1/2"]
[WhiteElo "2120"]
[BlackElo "2135"]
[PlyCount "60"]
[EventDate "1962.??.??"]
[EventType "simul"]
[EventRounds "5"]

1. e4 e6 2. d3 c5 3. g3 Nc6 4. Bg2 a6 5. Nf3 d6 6. O-O Be7 7. Be3 Bf6 8. c3 Nge7 9. h4 Ng6 10. Nbd2 b5 11. Nh2 Bd7 12. f4 b4 13. h5 bxc3 14. hxg6 cxd2 15. gxf7+ Kxf7 16. e5 dxe5 17. fxe5 Nxe5 18. Qh5+ Ng6 19. Bxa8 Qxa8 20. Ng4 Qd5 21. Nxf6 gxf6 22. Qxd5 exd5 23. Bxc5 Rc8 24. Bd4 Rc2 25. Rxf6+ Ke7 26. Rf2 Bg4 27. Rff1 Be2 28. Rfb1 Bxd3 29. Bc3 Be2 30. a3 Ke6 1/2-1/2

[Event "IntLge"]
[Site "?"]
[Date "1962.??.??"]
[Round "?"]
[White "Pritchard, G."]
[Black "Brameld, Arthur F"]
[Result "1/2-1/2"]
[WhiteElo "1880"]
[BlackElo "2135"]
[PlyCount "94"]
[EventDate "1962.??.??"]
[EventType "game"]

1. e4 c5 2. Nf3 Nc6 3. d4 cxd4 4. Nxd4 g6 5. Bc4 Bg7 6. Be3 Nf6 7. Nc3 Qa5 8. Qd2 Qb4 9. Bb3 Nxe4 10. Nxe4 Qxd2+ 11. Kxd2 Nxd4 12. c3 Ne6 13. f4 O-O 14. g4 d5 15. f5 Nf4 16. Ng3 e5 17. Raf1 b6 18. h4 Bb7 19. Rh2 Rad8 20. Kc2 d4 21. cxd4 Nd5 22. Bxd5 Rxd5 23. f6 exd4 24. Bd2 Rc8+ 25. Kb1 Bf8 26. a3 Bd6 27. Bf4 Bxf4 28. Rxf4 d3 29. Rd2 Ba6 30. b3 Rdc5 31. Rff2 Rc1+ 32. Kb2 Re1 33. a4 Re3 34. Nf1 Re4 35. Nh2 Rce8 36. Kc3 Re2 37. Nf3 Rxf2 38. Rxf2 Re2 39. Rxe2 dxe2 40. Kd2 Kf8 41. Nd4 Bc8 42. g5 Bg4 43. Nxe2 Bxe2 44. Kxe2 Ke8 45. Kd3 Kd7 46. Ke4 Ke6 47. b4 a6 1/2-1/2

[Event "Ports Lge"]
[Site "?"]
[Date "1962.??.??"]
[Round "?"]
[White "Collins, Peter"]
[Black "Brameld, Arthur F"]
[Result "0-1"]
[WhiteElo "2080"]
[BlackElo "2135"]
[PlyCount "60"]
[EventDate "1962.??.??"]
[EventType "simul"]
[EventRounds "5"]

1. e4 c5 2. Nf3 Nc6 3. d4 cxd4 4. Nxd4 g6 5. Nc3 Bg7 6. Be3 Nf6 7. Be2 O-O 8. O-O d6 9. Nb3 a5 10. a4 Nb4 11. Bf3 Be6 12. Nd4 Bc4 13. Re1 Rc8 14. Be2 Bxe2 15. Qxe2 d5 16. exd5 Nfxd5 17. Nxd5 Nxd5 18. c3 Nxe3 19. fxe3 e5 20. Nb5 Qb6 21. Rad1 Rfd8 22. Rxd8+ Rxd8 23. Kf1 Bh6 24. g3 Qc6 25. Kf2 Qe4 26. Qf3 Qxa4 27. Na3 e4 28. Qf6 Rd2+ 29. Re2 Qd1 30. Rxd2 Qxd2+ 0-1

[Event "IntCommCen"]
[Site "?"]
[Date "1962.??.??"]
[Round "?"]
[White "Thompson, Marshall"]
[Black "Brameld, Arthur F"]
[Result "1/2-1/2"]
[WhiteElo "2200"]
[BlackElo "2135"]
[PlyCount "75"]
[EventDate "1962.??.??"]
[EventType "game"]

1. e4 c5 2. Nf3 Nc6 3. d4 cxd4 4. Nxd4 g6 5. c4 Bg7 6. Be3 d6 7. Qd2 Nf6 8. f3 O-O 9. Nc3 Nxd4 10. Bxd4 e5 11. Be3 Be6 12. Rd1 Ne8 13. Be2 f5 14. O-O f4 15. Bf2 Rf7 16. c5 Qa5 17. Nb5 Qxd2 18. Rxd2 dxc5 19. Bxc5 b6 20. Bf2 Bf8 21. a3 Rc8 22. Ra1 Bc4 23. Bxc4 Rxc4 24. Rd8 Re7 25. Bh4 Re6 26. Nc3 Nc7 27. Rad1 Rd4 28. R1xd4 exd4 29. Ne2 Kf7 30. Nxd4 Bc5 31. Bf2 Re7 32. b4 Bxd4 33. Bxd4 Ne6 34. Rd5 Rc7 35. Kf2 Nxd4 36. Rxd4 Rc2+ 37. Kf1 Rc1+ 38. Kf2 1/2-1/2

[Event "Ports Lge"]
[Site "?"]
[Date "1962.??.??"]
[Round "?"]
[White "Brameld, Arthur F"]
[Black "Pratten, Wilf"]
[Result "1/2-1/2"]
[WhiteElo "2200"]
[BlackElo "2135"]
[PlyCount "56"]
[EventDate "1962.??.??"]
[EventType "simul"]
[EventRounds "5"]

1. e4 e5 2. Nf3 Nc6 3. Nc3 Nf6 4. Bb5 Bc5 5. O-O d6 6. d4 exd4 7. Nxd4 Bd7 8. Be3 O-O 9. Nxc6 bxc6 10. Bxc5 cxb5 11. Bd4 Bc6 12. e5 Nd7 13. exd6 Qg5 14. f3 cxd6 15. Ne4 Qg6 16. Re1 Rfe8 17. Qd3 Ne5 18. Bxe5 dxe5 19. Rad1 Bxe4 20. Rxe4 Qb6+ 21. Kf1 h6 22. Rde1 Rad8 23. Qe3 Qxe3 24. R1xe3 f6 25. f4 Rd2 26. Re2 Rxe2 27. Kxe2 Rc8 28. c3 exf4 1/2-1/2

[Event "GospCh"]
[Site "?"]
[Date "1962.??.??"]
[Round "?"]
[White "Bloxsom, Dave"]
[Black "Brameld, Arthur F"]
[Result "1/2-1/2"]
[WhiteElo "1920"]
[BlackElo "2135"]
[PlyCount "22"]
[EventDate "1962.??.??"]
[EventType "simul"]
[EventRounds "2"]

1. e4 e5 2. Nf3 Nc6 3. Bb5 a6 4. Ba4 d6 5. c3 f5 6. exf5 Bxf5 7. O-O Bd3 8. Re1 Be7 9. Re3 e4 10. Ne1 Nf6 11. Nxd3 exd3 1/2-1/2

[Event "Ports Lge"]
[Site "?"]
[Date "1962.??.??"]
[Round "?"]
[White "Johnson, Fred"]
[Black "Brameld, Arthur F"]
[Result "0-1"]
[WhiteElo "1960"]
[BlackElo "2135"]
[PlyCount "64"]
[EventDate "1962.??.??"]
[EventType "simul"]
[EventRounds "5"]

1. e4 c5 2. b4 cxb4 3. d4 e6 4. e5 d6 5. Nf3 Nc6 6. Bb5 Bd7 7. O-O Nxe5 8. Bxd7+ Nxd7 9. Re1 Be7 10. Bd2 d5 11. c3 bxc3 12. Nxc3 Ngf6 13. Rc1 O-O 14. Qb3 Qb6 15. Qc2 Rfc8 16. Qd3 Bb4 17. a3 Bxc3 18. Bxc3 Ne4 19. Rb1 Rxc3 20. Rxb6 Rxd3 21. Rxb7 Nb6 22. Ne5 Rxd4 23. Rxf7 Nc4 24. Nf3 Kxf7 25. Nxd4 Nxa3 26. f3 Nc5 27. Rc1 Nc4 28. Nb5 a5 29. Re1 a4 30. Re2 a3 31. Nc3 Nd3 32. Ra2 Nb4 0-1

[Event "GospCh"]
[Site "?"]
[Date "1962.??.??"]
[Round "?"]
[White "Brameld, Arthur F"]
[Black "Eaton, William J"]
[Result "1-0"]
[WhiteElo "2135"]
[BlackElo "1765"]
[PlyCount "82"]
[EventDate "1962.??.??"]
[EventType "simul"]
[EventRounds "2"]

1. e4 g6 2. d4 Bg7 3. Nc3 d6 4. f4 Nf6 5. Nf3 O-O 6. Be2 Nc6 7. d5 Nb4 8. a3 Na6 9. Be3 c5 10. dxc6 bxc6 11. Nd4 Qc7 12. O-O Rb8 13. b4 Qd7 14. Rb1 Nc7 15. Kh1 a6 16. Bf3 Ng4 17. Bg1 Bxd4 18. Bxd4 e5 19. Ba7 Rb7 20. Bxg4 Qxg4 21. Be3 Nb5 22. Nxb5 axb5 23. Qxd6 exf4 24. Bc5 Re8 25. Rbd1 f3 26. gxf3 Qe6 27. Qf4 Qh3 28. Qf6 Qe6 29. Rd8 Bd7 30. Qh4 f5 31. Re1 Rxd8 32. Qxd8+ Be8 33. Qh4 Rb8 34. Kg2 Qc4 35. Qf6 Qf7 36. Qe5 Rd8 37. Bd4 Rxd4 38. Qxd4 f4 39. Qe5 h5 40. Rd1 Bd7 41. Rd6 Qc4 1-0

[Event "Hants Lge"]
[Site "?"]
[Date "1962.??.??"]
[Round "?"]
[White "Brameld, Arthur F"]
[Black "Daw, G."]
[Result "1-0"]
[WhiteElo "2135"]
[BlackElo "1880"]
[PlyCount "53"]
[EventDate "1962.??.??"]
[EventType "game"]

1. e4 c5 2. Nf3 Nc6 3. d4 cxd4 4. Nxd4 Nf6 5. Nc3 e5 6. Ndb5 Bb4 7. a3 Bxc3+ 8. Nxc3 Qb6 9. Be3 Qxb2 10. Nb5 O-O 11. Bc4 Nb4 12. Bb3 Nxc2+ 13. Qxc2 Qxa1+ 14. Bc1 a6 15. Nc3 Nxe4 16. Nxe4 Qd4 17. O-O Qb6 18. Rd1 Qc6 19. Qe2 h6 20. Nd6 Qb6 21. Qa2 Qd8 22. Nxf7 Qf6 23. Rd6 Qe7 24. Nxe5+ Kh7 25. Qc2+ g6 26. Qxg6+ Kh8 27. Bb2 1-0

[Event "Ports Lge"]
[Site "?"]
[Date "1962.??.??"]
[Round "?"]
[White "Brameld, Arthur F"]
[Black " Pointon, Anthony J"]
[Result "0-1"]
[WhiteElo "2135"]
[BlackElo "2230"]
[PlyCount "48"]
[EventDate "1962.??.??"]
[EventType "simul"]
[EventRounds "5"]

1. e4 e5 2. Nf3 Nc6 3. Nc3 Nf6 4. Bb5 d6 5. d4 exd4 6. Nxd4 Bd7 7. Bg5 Be7 8. Qd3 O-O 9. O-O Ne5 10. Qe2 c6 11. f4 Qb6 12. fxe5 Qxd4+ 13. Kh1 Qxe5 14. Bf4 Qh5 15. Qxh5 Nxh5 16. Be2 Nxf4 17. Rxf4 Bf6 18. Bc4 Rae8 19. Raf1 Be6 20. Bb3 Be5 21. R4f3 Bxb3 22. axb3 Bxc3 23. bxc3 Rxe4 24. Rd3 d5 0-1

[Event "GospCh"]
[Site "?"]
[Date "1963.??.??"]
[Round "?"]
[White "Brameld, Arthur F"]
[Black "Hoe, J."]
[Result "1-0"]
[WhiteElo "2135"]
[BlackElo "1720"]
[PlyCount "45"]
[EventDate "1963.??.??"]
[EventType "game"]

1. e4 e5 2. Nf3 Nc6 3. Bb5 Bc5 4. c3 a6 5. Bxc6 bxc6 6. Nxe5 Qg5 7. O-O Qxe5 8. d4 Qe7 9. dxc5 Qxc5 10. Be3 Qd6 11. Bd4 Qg6 12. f4 f5 13. exf5 Qf7 14. Re1+ Kd8 15. Nd2 Ne7 16. f6 gxf6 17. Ne4 Nd5 18. Qb3 Rf8 19. Nd6 cxd6 20. Qxd5 c5 21. Qxd6 Bb7 22. Bxc5 Rg8 23. Bb6+ 1-0

[Event "Ports Lge"]
[Site "?"]
[Date "1963.??.??"]
[Round "?"]
[White "Brameld, Arthur F"]
[Black "Paige, Roger"]
[Result "1/2-1/2"]
[WhiteElo "2135"]
[BlackElo "2120"]
[PlyCount "46"]
[EventDate "1963.??.??"]
[EventType "simul"]
[EventRounds "4"]

1. d4 Nf6 2. c4 e6 3. Nc3 d5 4. Bg5 Be7 5. e3 O-O 6. Rc1 h6 7. Bh4 Ne4 8. Bxe7 Qxe7 9. cxd5 Nxc3 10. Rxc3 exd5 11. Bd3 Be6 12. Ne2 c6 13. O-O Nd7 14. Qb1 Rac8 15. b4 a6 16. a4 Nb6 17. Qc2 Nc4 18. Nf4 b5 19. Rb1 Rcd8 20. Bh7+ Kh8 21. Bf5 Bxf5 22. Qxf5 Qe4 23. Qxe4 dxe4 1/2-1/2

[Event "Ports Lge"]
[Site "?"]
[Date "1963.??.??"]
[Round "?"]
[White "Pratten, Wilf"]
[Black "Brameld, Arthur F"]
[Result "1-0"]
[WhiteElo "2200"]
[BlackElo "2135"]
[PlyCount "56"]
[EventDate "1963.??.??"]
[EventType "simul"]
[EventRounds "4"]

1. e4 e6 2. d4 d5 3. Nc3 Nf6 4. Bg5 Be7 5. e5 Nfd7 6. Bxe7 Qxe7 7. Qd2 O-O 8. f4 c5 9. Nf3 Nc6 10. g3 f6 11. Bh3 cxd4 12. Nxd4 fxe5 13. Bxe6+ Kh8 14. Nxd5 Qd6 15. Nb5 Qxe6 16. Nbc7 Qg4 17. Ne3 Qh5 18. Nxa8 Nd4 19. O-O Ne2+ 20. Kg2 Nc5 21. f5 Ne4 22. Qb4 Rd8 23. Qxe4 Rd2 24. Rf2 Bd7 25. Qxb7 Nf4+ 26. gxf4 Rxf2+ 27. Kxf2 Qxh2+ 28. Ng2 exf4 1-0

[Event "Ports Lge"]
[Site "?"]
[Date "1963.??.??"]
[Round "?"]
[White "Brameld, Arthur F"]
[Black "Hollington, Terry"]
[Result "1-0"]
[WhiteElo "2070"]
[BlackElo "1880"]
[PlyCount "117"]
[EventDate "1963.??.??"]
[EventType "simul"]
[EventRounds "4"]

1. e4 e5 2. Nf3 Nc6 3. Bb5 a6 4. Ba4 Nf6 5. O-O Nxe4 6. d4 b5 7. Bb3 d5 8. dxe5 Be6 9. Qe2 Na5 10. Rd1 c5 11. c4 Nxc4 12. Bc2 Bf5 13. e6 fxe6 14. Bxe4 Bxe4 15. Ng5 Qf6 16. Nxe4 dxe4 17. Qxe4 Rc8 18. Bg5 Qe5 19. Nc3 Bd6 20. b3 Qxe4 21. Nxe4 Be5 22. bxc4 Bxa1 23. Nd6+ Kd7 24. Nxc8+ Kxc8 25. Rxa1 Rf8 26. Be3 Rf5 27. cxb5 axb5 28. Rc1 c4 29. a4 Kb7 30. axb5 Rxb5 31. Rxc4 Rb1+ 32. Rc1 Rxc1+ 33. Bxc1 Kc6 34. Kf1 Kd5 35. Ke2 Ke4 36. Bb2 g6 37. f3+ Kf5 38. Bc1 e5 39. Bh6 e4 40. f4 Kg4 41. Ke3 Kh5 42. Bg5 h6 43. Bxh6 Kxh6 44. Kxe4 Kg7 45. g4 Kf6 46. g5+ Ke6 47. h3 Kf7 48. Kd5 Ke7 49. Ke5 Kf7 50. Kd6 Kf8 51. Ke6 Kg7 52. Ke7 Kg8 53. Kf6 Kh7 54. Kf7 Kh8 55. Kxg6 Kg8 56. f5 Kf8 57. f6 Kg8 58. f7+ Kf8 59. h4 1-0

[Event "Ports Lge"]
[Site "?"]
[Date "1964.??.??"]
[Round "?"]
[White "Cullinane, Anthony R"]
[Black "Brameld, Arthur F"]
[Result "1/2-1/2"]
[WhiteElo "2040"]
[BlackElo "2070"]
[PlyCount "75"]
[EventDate "1964.??.??"]
[EventType "simul"]
[EventRounds "5"]

1. d4 d5 2. c4 Nc6 3. cxd5 Qxd5 4. Nf3 e5 5. Nc3 Bb4 6. Bd2 Bxc3 7. Bxc3 e4 8. Ne5 Nxe5 9. dxe5 Qxd1+ 10. Rxd1 Be6 11. a3 Ne7 12. e3 Nd5 13. Bd4 O-O-O 14. Rc1 b6 15. b4 Kb7 16. Bb5 Ne7 17. O-O c6 18. Ba4 Rc8 19. Rfe1 Nf5 20. Ba1 Rhd8 21. Bc2 Bd5 22. Bd1 Rc7 23. Bg4 Be6 24. Bxf5 Bxf5 25. Bd4 Be6 26. Rc3 Rd5 27. Rec1 a5 28. R3c2 axb4 29. axb4 Rb5 30. Rb2 c5 31. bxc5 Rxb2 32. Bxb2 Rxc5 33. Rxc5 bxc5 34. Kf1 Kb6 35. Ke1 Kb5 36. Kd2 Kb4 37. Bc3+ Kb3 38. Ba5 1/2-1/2

[Event "Ports Lge"]
[Site "?"]
[Date "1964.??.??"]
[Round "?"]
[White "Brameld, Arthur F"]
[Black "Peters, A John"]
[Result "0-1"]
[WhiteElo "2070"]
[BlackElo "2080"]
[PlyCount "66"]
[EventDate "1964.??.??"]
[EventType "simul"]
[EventRounds "5"]

1. e4 e5 2. Nf3 Nf6 3. Nc3 Nc6 4. Bb5 Nd4 5. Nxd4 exd4 6. e5 dxc3 7. exf6 Qxf6 8. bxc3 c6 9. Be2 d5 10. O-O Bd6 11. d4 O-O 12. a4 Bf5 13. Ba3 Rfe8 14. Bxd6 Qxd6 15. Rb1 Re7 16. Bd3 Bxd3 17. Qxd3 Rae8 18. h3 h6 19. a5 Qc7 20. c4 dxc4 21. Qxc4 Qxa5 22. Ra1 Qb6 23. g3 a6 24. Qc3 Rd8 25. Ra4 Rd5 26. Qa3 Qd8 27. c3 Re2 28. Qb3 Qd7 29. Rb4 Qxh3 30. Rxb7 Re6 31. Qc2 g6 32. f3 Qxg3+ 33. Qg2 Qf4 0-1

[Event "Ports Lge"]
[Site "?"]
[Date "1964.??.??"]
[Round "?"]
[White "Carter, Roy"]
[Black "Brameld, Arthur F"]
[Result "0-1"]
[WhiteElo "1960"]
[BlackElo "2070"]
[PlyCount "48"]
[EventDate "1964.??.??"]
[EventType "simul"]
[EventRounds "5"]

1. e4 c5 2. Nf3 d6 3. d4 cxd4 4. Nxd4 Nf6 5. Nc3 g6 6. f4 Nc6 7. Bb5 Bd7 8. Nf3 Bg7 9. Be3 O-O 10. Qd2 Rc8 11. O-O-O Nb4 12. e5 Ne4 13. Qd4 Nxc3 14. bxc3 Nxa2+ 15. Kb2 Nxc3 16. Bc4 Nxd1+ 17. Rxd1 Qc7 18. Bb3 Be6 19. Qa4 Qc3+ 20. Kb1 Qxe3 21. Bxe6 fxe6 22. Rd3 Qb6+ 23. Kc1 Qa6 24. Qb3 Qc4 0-1

[Event "Ports Lge"]
[Site "?"]
[Date "1964.??.??"]
[Round "?"]
[White "Brameld, Arthur F"]
[Black "Richardson, G."]
[Result "1/2-1/2"]
[WhiteElo "2070"]
[BlackElo "2040"]
[PlyCount "42"]
[EventDate "1964.??.??"]
[EventType "simul"]
[EventRounds "5"]

1. e4 c5 2. Nf3 d6 3. d4 cxd4 4. Nxd4 Nf6 5. Nc3 a6 6. Be2 Nc6 7. Be3 e6 8. O-O Be7 9. Nb3 Qc7 10. f4 O-O 11. Qe1 b5 12. Rd1 b4 13. Na4 Nxe4 14. Bf3 d5 15. Bxe4 dxe4 16. Bb6 Qb7 17. Qxe4 Na5 18. Qxb7 Nxb7 19. Bc7 Ra7 20. Bb6 Ra8 21. Bc7 Ra7 1/2-1/2

[Event "Ports Lge"]
[Site "?"]
[Date "1964.??.??"]
[Round "?"]
[White "Lakin, A."]
[Black "Brameld, Arthur F"]
[Result "0-1"]
[WhiteElo "1800"]
[BlackElo "2070"]
[PlyCount "66"]
[EventDate "1964.??.??"]
[EventType "simul"]
[EventRounds "5"]

1. e4 c5 2. Nc3 d6 3. Bc4 Nc6 4. Nf3 Nf6 5. d3 g6 6. Bg5 Bg7 7. Qd2 Bg4 8. Bxf6 Bxf6 9. Ng5 e6 10. Qf4 Ne5 11. Bb5+ Kf8 12. Nf3 Bxf3 13. gxf3 Bg5 14. Qg3 Qf6 15. Ke2 a6 16. Ba4 b5 17. Bb3 Kg7 18. Nd1 c4 19. dxc4 bxc4 20. Ba4 d5 21. Ne3 d4 22. Ng4 Nxg4 23. fxg4 d3+ 24. cxd3 Qxb2+ 25. Kf3 cxd3 26. Kg2 Rad8 27. h4 Bf6 28. Rab1 Qd4 29. h5 Qxe4+ 30. Qf3 Qxf3+ 31. Kxf3 Bg5 32. Kg3 Rd4 33. Bb3 Rhd8 0-1

[Event "Ports Lge"]
[Site "?"]
[Date "1965.??.??"]
[Round "?"]
[White "Brameld, Arthur F"]
[Black "Carter, Roy"]
[Result "1-0"]
[WhiteElo "2070"]
[BlackElo "1960"]
[PlyCount "60"]
[EventDate "1965.??.??"]
[EventType "swiss"]

1. d4 e6 2. Nf3 f5 3. g3 Nf6 4. Bg2 Be7 5. O-O O-O 6. Nc3 d5 7. Ne5 c5 8. dxc5 Bxc5 9. Nd3 Be7 10. Qe1 Nc6 11. Bf4 Nh5 12. Rd1 Nb4 13. f3 Nxc2 14. Qd2 Nxf4 15. Qxc2 Nxg2 16. Kxg2 Bf6 17. Nf4 d4 18. e3 e5 19. Nfe2 Be6 20. exd4 exd4 21. Nf4 Bc4 22. Rf2 Rc8 23. Qxf5 Qe8 24. Ne4 Be5 25. Qg4 Bxf4 26. gxf4 Rc6 27. f5 d3 28. Kh1 Qd7 29. Ng3 Rcf6 30. Qxc4+ Kh8 1-0

[Event "Ports Lge"]
[Site "?"]
[Date "1965.??.??"]
[Round "?"]
[White "Brameld, Arthur F"]
[Black "De Buriatte, Tim"]
[Result "1-0"]
[WhiteElo "2070"]
[BlackElo "1760"]
[PlyCount "60"]
[EventDate "1965.??.??"]
[EventType "swiss"]

1. e4 c5 2. d3 e5 3. Nc3 Nc6 4. g3 d6 5. Bg2 g6 6. Nge2 Bg7 7. O-O Nge7 8. Qe1 O-O 9. Nd1 Nd4 10. Ne3 Nxe2+ 11. Qxe2 Nc6 12. c3 Be6 13. f4 exf4 14. gxf4 Qh4 15. f5 Bd7 16. Rf3 Qh5 17. Qf2 Ne5 18. Rh3 Qg5 19. Nd5 Qd8 20. f6 Bxh3 21. Ne7+ Kh8 22. Qh4 h5 23. Bg5 Qd7 24. fxg7+ Kxg7 25. Bf6+ Kh7 26. Bxh3 Qxe7 27. Rf1 Qc7 28. Bf5 Kg8 29. Qg5 Nd7 30. Bxg6 Nxf6 1-0

[Event "Training"]
[Site "?"]
[Date "1965.??.??"]
[Round "?"]
[White "Dymond, Mike J"]
[Black "Brameld, Arthur F"]
[Result "1-0"]
[WhiteElo "2120"]
[BlackElo "2040"]
[PlyCount "61"]
[EventDate "1965.??.??"]
[EventType "game"]

1. d4 Nf6 2. c4 e5 3. d5 c5 4. Nc3 d6 5. e4 Be7 6. h3 Na6 7. Be3 Nc7 8. g4 h5 9. g5 Nh7 10. h4 Bg4 11. f3 Bd7 12. Bh3 Nf8 13. Bf5 Qc8 14. Qd3 Ng6 15. Bxg6 fxg6 16. f4 exf4 17. Bxf4 O-O 18. Nge2 Ne8 19. O-O-O a6 20. Rdf1 Rb8 21. Qg3 b5 22. e5 bxc4 23. exd6 Qb7 24. dxe7 Qxb2+ 25. Kd1 Ba4+ 26. Nxa4 Qb1+ 27. Bc1 Rxf1+ 28. Rxf1 Nd6 29. Rf8+ Rxf8 30. exf8=Q+ Kxf8 31. Qxd6+ 1-0

[Event "NatClub"]
[Site "?"]
[Date "1965.??.??"]
[Round "?"]
[White "Johnson, A."]
[Black "Brameld, Arthur F"]
[Result "0-1"]
[WhiteElo "1880"]
[BlackElo "2040"]
[PlyCount "80"]
[EventDate "1965.??.??"]
[EventType "simul"]
[EventRounds "2"]

1. e4 c5 2. Nf3 d6 3. d4 cxd4 4. Nxd4 Nf6 5. Nc3 g6 6. Bg5 Bg7 7. Qd2 Nbd7 8. Nb3 a6 9. Bd3 b5 10. a3 Ne5 11. O-O Bb7 12. Be3 O-O 13. Rab1 Nc4 14. Qc1 Nd7 15. Bh6 Nde5 16. Bxg7 Kxg7 17. Kh1 Qd7 18. h3 f5 19. exf5 Nxd3 20. cxd3 Qxf5 21. Ne4 e5 22. f3 Bxe4 23. dxe4 Qh5 24. Nd2 Ne3 25. Rf2 Rac8 26. Qe1 Nc2 27. Qd1 Qh4 28. Kg1 Nd4 29. Nb3 Nxb3 30. Qxb3 Qf4 31. Rc2 Kh6 32. Kf2 Qxe4 33. Rbc1 Qd4+ 34. Kf1 Rxc2 35. Qxc2 e4 36. Rd1 Qe5 37. Qd2+ Qf4 38. Qxf4+ Rxf4 39. Rxd6 exf3 40. gxf3 Rxf3+ 0-1

[Event "Ports Lge"]
[Site "?"]
[Date "1965.??.??"]
[Round "?"]
[White "Brameld, Arthur F"]
[Black "Carter, Anthony FC"]
[Result "0-1"]
[WhiteElo "2040"]
[BlackElo "2120"]
[PlyCount "56"]
[EventDate "1965.??.??"]
[EventType "swiss"]

1. e4 e5 2. f4 exf4 3. Nf3 Be7 4. Bc4 d6 5. O-O g5 6. Nd4 Nf6 7. b3 Bg4 8. Qe1 Nbd7 9. h3 Bh5 10. Bb2 Ne5 11. Nf5 Rg8 12. Nh6 Rg6 13. Bxe5 Rxh6 14. Bc3 Nd7 15. e5 Nb6 16. Be2 Bxe2 17. Qxe2 Re6 18. Qd3 dxe5 19. Qxh7 Bc5+ 20. Kh1 Ke7 21. Qg7 Qg8 22. Qxg8 Rxg8 23. g3 fxg3 24. d3 Nd5 25. Bd2 Nf4 26. Bxf4 exf4 27. Nd2 Re2 28. Rfe1 g2+ 0-1

[Event "GospCh"]
[Site "?"]
[Date "1965.??.??"]
[Round "?"]
[White "Brameld, Arthur F"]
[Black "Gale, Brian"]
[Result "1/2-1/2"]
[WhiteElo "2040"]
[BlackElo "1760"]
[PlyCount "55"]
[EventDate "1965.??.??"]
[EventType "simul"]
[EventRounds "2"]

1. Nf3 d5 2. g3 b6 3. Bg2 Bb7 4. d3 Nf6 5. O-O e6 6. c3 Be7 7. Bg5 Nbd7 8. h3 h6 9. Be3 O-O 10. Nbd2 c5 11. Nh2 Qc7 12. Rc1 a5 13. f4 Nh5 14. g4 Nhf6 15. Ndf3 Nh7 16. Qd2 f6 17. f5 e5 18. Nh4 d4 19. cxd4 Bxg2 20. Nxg2 exd4 21. Bf4 Bd6 22. Nf3 Ng5 23. Bxd6 Qxd6 24. Nxg5 hxg5 25. e4 dxe3 26. Qxe3 Rae8 27. Qf2 Ne5 28. Rcd1 1/2-1/2

[Event "Hants Lge"]
[Site "?"]
[Date "1965.??.??"]
[Round "?"]
[White "Brameld, Arthur F"]
[Black "Hodgson, P."]
[Result "1-0"]
[WhiteElo "2040"]
[BlackElo "1920"]
[PlyCount "55"]
[EventDate "1965.??.??"]
[EventType "simul"]
[EventRounds "2"]

1. Nf3 d5 2. g3 Nf6 3. Bg2 Bg4 4. c4 e6 5. cxd5 exd5 6. Ne5 Bh5 7. Nc3 c6 8. d4 Nbd7 9. Bg5 Be7 10. O-O Nxe5 11. dxe5 Nd7 12. Bxe7 Qxe7 13. f4 Qb4 14. Bh3 Nc5 15. g4 Ne4 16. Nxe4 Qxe4 17. gxh5 Qe3+ 18. Kg2 g5 19. Rf3 Qe4 20. Qd3 Rg8 21. Qxe4 dxe4 22. Rg3 Rd8 23. Rxg5 Rxg5+ 24. fxg5 Rd5 25. Rf1 Rxe5 26. Rf5 Rd5 27. Rxd5 cxd5 28. Bf5 1-0

[Event "Ports Lge"]
[Site "?"]
[Date "1965.??.??"]
[Round "?"]
[White "Brameld, Arthur F"]
[Black "Hollington, Terry"]
[Result "1-0"]
[WhiteElo "2040"]
[BlackElo "1885"]
[PlyCount "61"]
[EventDate "1965.??.??"]
[EventType "swiss"]

1. Nf3 Nf6 2. g3 b6 3. Bg2 Bb7 4. c4 e6 5. d4 Be7 6. Nc3 d6 7. Qc2 Nbd7 8. O-O O-O 9. e4 c5 10. Rd1 Qb8 11. Bf4 cxd4 12. Nxd4 Re8 13. Ndb5 e5 14. Bg5 a6 15. Bxf6 Nxf6 16. Na3 Ra7 17. Rac1 Nd7 18. Bh3 Nc5 19. b4 Ne6 20. Bxe6 fxe6 21. Qd3 Bc8 22. Nc2 Rd7 23. b5 a5 24. Qe3 Rc7 25. Qe2 Bb7 26. Ne3 Qa8 27. f3 a4 28. Rd3 Rd8 29. Qc2 Bg5 30. Qxa4 Qxa4 31. Nxa4 1-0

[Event "GospCh"]
[Site "?"]
[Date "1965.??.??"]
[Round "?"]
[White "Shaw, C."]
[Black "Brameld, Arthur F"]
[Result "1/2-1/2"]
[WhiteElo "1640"]
[BlackElo "2040"]
[PlyCount "153"]
[EventDate "1965.??.??"]
[EventType "simul"]
[EventRounds "2"]

1. e4 c5 2. Nf3 d6 3. d4 cxd4 4. Nxd4 Nf6 5. Nc3 a6 6. Bg5 Nbd7 7. f4 h6 8. Bh4 e5 9. Nf5 exf4 10. Bxf6 Nxf6 11. Nd4 Bg4 12. Qd2 g5 13. Bd3 Bg7 14. Nf3 Nd7 15. O-O Be6 16. Kh1 g4 17. Ng1 Be5 18. Nce2 Qg5 19. Nxf4 Nf6 20. Qf2 h5 21. Nxe6 fxe6 22. h4 gxh3 23. Nxh3 Qg7 24. Nf4 Ke7 25. c3 Rag8 26. Nxe6 Kxe6 27. Bc4+ Kd7 28. Bxg8 Rxg8 29. Rg1 Ng4 30. Qf5+ Kc7 31. Raf1 Qe7 32. Qf7 Rg7 33. Qxe7+ Rxe7 34. g3 Rh7 35. Rf3 h4 36. gxh4 Rxh4+ 37. Kg2 Nf6 38. Rgf1 Rh2+ 39. Kg1 Rxb2 40. Rxf6 Bxf6 41. Rxf6 Rxa2 42. Rf7+ Kc6 43. Kf1 Rc2 44. Rf6 Rxc3 45. e5 Kd5 46. exd6 Kc6 47. Rf7 Rd3 48. Rc7+ Kb6 49. Rd7 a5 50. Ke2 Rd5 51. Ke3 Kc6 52. Rc7+ Kxd6 53. Rxb7 Kc6 54. Rb3 Kc5 55. Rd3 Re5+ 56. Kd2 Kc4 57. Ra3 Kb4 58. Ra1 Kb3 59. Rb1+ Ka3 60. Kc3 Rc5+ 61. Kd2 a4 62. Ra1+ Kb3 63. Rb1+ Ka2 64. Rc1 Rb5 65. Rc2+ Kb3 66. Rc3+ Kb4 67. Kc2 Rh5 68. Rd3 Rc5+ 69. Kb2 Rb5 70. Ka2 Rh5 71. Rd4+ Kb5 72. Rd2 Rh3 73. Rb2+ Kc4 74. Rb8 Rb3 75. Rc8+ Kb4 76. Rb8+ Kc3 77. Rc8+ 1/2-1/2

[Event "NatClub"]
[Site "?"]
[Date "1965.??.??"]
[Round "?"]
[White "Brameld, Arthur F"]
[Black "Barton, Arthur"]
[Result "1-0"]
[WhiteElo "2040"]
[BlackElo "1910"]
[PlyCount "63"]
[EventDate "1965.??.??"]
[EventType "simul"]
[EventRounds "2"]

1. Nf3 d5 2. g3 Nf6 3. Bg2 Nbd7 4. d3 e5 5. O-O Bd6 6. Nbd2 O-O 7. c4 c6 8. a3 b6 9. b4 Bb7 10. Rb1 Re8 11. Ne1 Nf8 12. c5 Bc7 13. Ndf3 Qe7 14. Nc2 Rad8 15. Ne3 Bc8 16. Qc2 b5 17. d4 e4 18. Nh4 g6 19. f4 Nh5 20. f5 f6 21. Ng4 Nxg3 22. hxg3 Bxg3 23. Bg5 fxg5 24. f6 Qc7 25. f7+ Kh8 26. fxe8=Q Rxe8 27. Nh6 gxh4 28. Rf7 Qb8 29. Rbf1 Be6 30. Qd2 h3 31. Qg5 hxg2 32. Qf6# 1-0

[Event "Ports Lge"]
[Site "?"]
[Date "1965.??.??"]
[Round "?"]
[White "Grant, Jack"]
[Black "Brameld, Arthur F"]
[Result "1/2-1/2"]
[WhiteElo "1880"]
[BlackElo "2040"]
[PlyCount "60"]
[EventDate "1965.??.??"]
[EventType "swiss"]

1. d4 Nf6 2. c4 g6 3. Nf3 Bg7 4. Nc3 d6 5. e3 Nbd7 6. Be2 O-O 7. O-O c6 8. b3 Ne8 9. Qc2 f5 10. Ng5 Ndf6 11. f4 h6 12. Nf3 Ne4 13. Nxe4 fxe4 14. Nd2 e5 15. Nxe4 exd4 16. Bb2 Qb6 17. c5 dxc5 18. Qxc5 Qxc5 19. Nxc5 b6 20. Bc4+ Kh8 21. Ne6 Bxe6 22. Bxe6 dxe3 23. Bxg7+ Nxg7 24. Bg4 Rad8 25. Rad1 Rxd1 26. Bxd1 Re8 27. Re1 Nf5 28. Bc2 Kg7 29. Bxf5 gxf5 30. g3 Kg6 1/2-1/2